| 000 | 00421pab a2200157 454500 | ||
|---|---|---|---|
| 008 | 180718b2001 xxu||||| |||| 00| 0 eng d | ||
| 100 | _aVerma, Suman | ||
| 245 | _aIndian women's experience of households labour: oppression or personal fulfilment | ||
| 260 | _c2001 | ||
| 300 | _ap.46-66 | ||
| 362 | _aJan | ||
| 650 | _aWomen | ||
| 700 | _aLarson, Reed W. | ||
| 773 | _aIndian Journal of Social Work | ||
| 909 | _a48537 | ||
| 999 |
_c48537 _d48537 |
||